Le patronat : Histoire, structure, stratégie du CNPF

Guardat en:
Dades bibliogràfiques
Autor principal: Brizay, Bernard
Format: Llibre
Idioma:Undetermined
Publicat: Paris Seuil 1975
Matèries:
Etiquetes: Afegir etiqueta
Sense etiquetes, Sigues el primer a etiquetar aquest registre!
Thư viện lưu trữ: Trung tâm Học liệu Trường Đại học Cần Thơ
LEADER 00508nam a2200193Ia 4500
001 CTU_82887
008 210402s9999 xx 000 0 und d
082 |a 331 
082 |b B862 
100 |a Brizay, Bernard 
245 0 |a Le patronat : 
245 0 |b Histoire, structure, stratégie du CNPF 
245 0 |c Bernard Brizay 
260 |a Paris 
260 |b Seuil 
260 |c 1975 
650 |a Industrial relations 
904 |i QHieu(sửa) 
980 |a Trung tâm Học liệu Trường Đại học Cần Thơ